Religiosität von Frauen und Männern im internationalen Vergleich
Ursachen der Geschlechterdifferenz | Die Datenbasis und die zentralen Variablen | Multivariate Zusammenhänge | Kirchenaustritte
| Main Author: | |
|---|---|
| Format: | Print Article |
| Language: | German |
| Check availability: | HBZ Gateway |
| Interlibrary Loan: | Interlibrary Loan for the Fachinformationsdienste (Specialized Information Services in Germany) |
| Published: |
2000
|
| In: |
Religion und Geschlechterverhältnis
Year: 2000, Pages: 85-100 |
| Standardized Subjects / Keyword chains: | B
Gender
/ Religiosity
/ International comparison
|
MARC
| LEADER | 00000caa a2200000 c 4500 | ||
|---|---|---|---|
| 001 | 1541115139 | ||
| 003 | DE-627 | ||
| 005 | 20240619174203.0 | ||
| 007 | tu | ||
| 008 | 160624s2000 xx ||||| 00| ||ger c | ||
| 020 | |a 9783810025463 | ||
| 035 | |a (DE-627)1541115139 | ||
| 035 | |a (DE-576)471115134 | ||
| 035 | |a (DE-599)BSZ471115134 | ||
| 040 | |a DE-627 |b ger |c DE-627 |e rda | ||
| 041 | |a ger | ||
| 084 | |a 0 |2 ssgn | ||
| 100 | 1 | |e VerfasserIn |0 (DE-588)172939178 |0 (DE-627)673975738 |0 (DE-576)355698927 |4 aut |a Kecskes, Robert |d 1960- | |
| 109 | |a Kecskes, Robert 1960- | ||
| 245 | 1 | 0 | |a Religiosität von Frauen und Männern im internationalen Vergleich |c Robert Kecskes |
| 264 | 1 | |c 2000 | |
| 300 | |b Diagramme | ||
| 336 | |a Text |b txt |2 rdacontent | ||
| 337 | |a ohne Hilfsmittel zu benutzen |b n |2 rdamedia | ||
| 338 | |a Band |b nc |2 rdacarrier | ||
| 500 | |a Literaturverzeichnis: Seite 100 | ||
| 520 | |a Ursachen der Geschlechterdifferenz | Die Datenbasis und die zentralen Variablen | Multivariate Zusammenhänge | Kirchenaustritte | ||
| 601 | |a Internationale | ||
| 601 | |a Vergleich | ||
| 689 | 0 | 0 | |d s |0 (DE-588)4020547-2 |0 (DE-627)106317652 |0 (DE-576)208933816 |2 gnd |a Geschlecht |
| 689 | 0 | 1 | |d s |0 (DE-588)4049428-7 |0 (DE-627)10618704X |0 (DE-576)209082011 |2 gnd |a Religiosität |
| 689 | 0 | 2 | |d s |0 (DE-588)4120509-1 |0 (DE-627)104262591 |0 (DE-576)209535695 |2 gnd |a Internationaler Vergleich |
| 689 | 0 | |5 (DE-627) | |
| 773 | 0 | 8 | |i Enthalten in |t Religion und Geschlechterverhältnis |d Opladen : Leske + Budrich, 2000 |g (2000), Seite 85-100 |h 300 Seiten |w (DE-627)300671814 |w (DE-576)078477964 |z 9783810025463 |z 3810025461 |7 nnam |
| 773 | 1 | 8 | |g year:2000 |g pages:85-100 |
| 889 | |w (DE-627)1863415696 | ||
| 935 | |i mdedup | ||
| 951 | |a AR | ||
| ELC | |b 1 | ||
| ITA | |a 1 | ||
| LOK | |0 000 xxxxxcx a22 zn 4500 | ||
| LOK | |0 001 2929715383 | ||
| LOK | |0 003 DE-627 | ||
| LOK | |0 004 1541115139 | ||
| LOK | |0 005 20160624124747 | ||
| LOK | |0 008 160624||||||||||||||||ger||||||| | ||
| LOK | |0 040 |a DE-21-85 |c DE-627 |d DE-21-85 | ||
| LOK | |0 852 |a DE-21-85 | ||
| LOK | |0 852 1 |m p |9 00 | ||
| LOK | |0 938 |k p | ||
| LOK | |0 939 |a 24-06-16 |b l01 | ||
| ORI | |a SA-MARC-ixtheoa001.raw | ||
| REL | |a 1 | ||
| STA | 0 | 0 | |a Gender,Gender,Sex,International comparison,Religiosity |
| STB | 0 | 0 | |a Comparaison internationale,Religiosité,Sexe,Sexe,Genre,Genre,Genre (motif),Genre |
| STC | 0 | 0 | |a Comparación internacional,Religiosidad,Sexo,Sexo,Género,Género,Género (Motivo),Género |
| STD | 0 | 0 | |a Confronto internazionale,Religiosità,Sesso,Sesso |
| STE | 0 | 0 | |a 国际比较,宗教性,性别 |
| STF | 0 | 0 | |a 國際比較,宗教性,性別 |
| STG | 0 | 0 | |a Comparação internacional,Religiosidade,Sexo,Sexo,Gênero,Gênero,Gênero (Motivo),Gênero |
| STH | 0 | 0 | |a Интернациональное сравнение,Пол,Пол,Род,Род (мотив),Религиозность |
| STI | 0 | 0 | |a Διεθνής σύγκριση,Θρησκευτικότητα,Φύλο (μοτίβο),Φύλο |
| SUB | |a REL | ||
| SYG | 0 | 0 | |a Sexus,Gender,Geschlechtskonstruktion,Sexus , Religiösität,Religiösität , Ländervergleich |



